000 00513nam a2200169 i 4500
001 71038
003 ES-MaACL
005 20230906171011.0
007 t|
008 040805s1973 sp ||||1| spa d
100 1 _aGaskin, Catherine.
_955874
245 1 3 _aLa pelirroja de Blake Reach /
_cCatherine Gaskin ; [versión de Alberto Luis Pérez].
260 _aBarcelona :
_bLuis de Caralt,
_c[1973]
300 _a368 p. ;
_c21 cm.
700 1 _aPérez, Alberto Luis.
_990550
852 _aES-MaACL
_jC-54898
_bR.87596
999 _c71038
_d71038